Cá biển Việt Nam Cá xương vịnh Bắc Bộ
Giới thiệu các loài cá biển Việt Nam thuộc các xương ở vịnh Bắc Bộ như họ cá mú serranidae, họ cá căng theraponidae, cá trác priacanthidae.
Đã lưu trong:
| Tác giả chính: | |
|---|---|
| Định dạng: | Sách |
| Năm xuất bản: |
H.
Khoa học và Kỹ thuật
1991
|
| Chủ đề: | |
| Tags: |
Thêm thẻ
Không có thẻ, Hãy là người đầu tiên gắn thẻ bản ghi này!
|
| LEADER | 01561nam a2200217 4500 | ||
|---|---|---|---|
| 082 | |a 597.47 |b NG527NH | ||
| 100 | |a Nguyễn Nhật Thi | ||
| 245 | |a Cá biển Việt Nam |b Cá xương vịnh Bắc Bộ |c Nguyễn Nhật Thi | ||
| 260 | |a H. |b Khoa học và Kỹ thuật |c 1991 | ||
| 300 | |a 464tr. |c 21cm | ||
| 520 | |a Giới thiệu các loài cá biển Việt Nam thuộc các xương ở vịnh Bắc Bộ như họ cá mú serranidae, họ cá căng theraponidae, cá trác priacanthidae. | ||
| 653 | |a Động vật | ||
| 653 | |a Cá biển | ||
| 653 | |a Việt Nam | ||
| 942 | |2 ddc |c STK0 | ||
| 999 | |c 6040 |d 6040 | ||
| 952 | |0 0 |1 0 |2 ddc |4 0 |6 597_470000000000000_NG527NH |7 0 |8 500 |9 55396 |a qbu |b qbu |c D3 |d 2015-01-13 |g 93000 |o 597.47 NG527NH |p 5876.c1 |r 0000-00-00 |w 2015-01-13 |y STK0 |0 0 |6 597_470000000000000_NG527NH | ||
| 952 | |0 0 |1 0 |2 ddc |4 0 |6 597_470000000000000_NG527NH |7 0 |8 500 |9 55397 |a qbu |b qbu |c D3 |d 2015-01-13 |g 93000 |o 597.47 NG527NH |p 5876.c2 |r 0000-00-00 |w 2015-01-13 |y STK0 |0 0 |6 597_470000000000000_NG527NH | ||
| 952 | |0 0 |1 0 |2 ddc |4 0 |6 597_470000000000000_NG527NH |7 0 |8 500 |9 55398 |a qbu |b qbu |c D3 |d 2015-01-13 |g 93000 |o 597.47 NG527NH |p 5876.c3 |r 0000-00-00 |w 2015-01-13 |y STK0 |0 0 |6 597_470000000000000_NG527NH | ||
| 952 | |0 0 |1 0 |2 ddc |4 0 |6 597_470000000000000_NG527NH |7 0 |8 500 |9 55399 |a qbu |b qbu |c D3 |d 2015-01-13 |g 93000 |o 597.47 NG527NH |p 5876.c4 |r 0000-00-00 |w 2015-01-13 |y STK0 |0 0 |6 597_470000000000000_NG527NH | ||
| 952 | |0 0 |1 0 |2 ddc |4 0 |6 597_470000000000000_NG527NH |7 0 |8 500 |9 55400 |a qbu |b qbu |c D3 |d 2015-01-13 |g 93000 |o 597.47 NG527NH |p 5876.c5 |r 0000-00-00 |w 2015-01-13 |y STK0 |0 0 |6 597_470000000000000_NG527NH | ||